Jak narýsovat nové obzory. Nad první verzí programu Nezávislého svazu ekonomů Slovenska.

Stanovisko ku koncepčnému materiálu pripravenému Nezávislým zväzom ekonómov Slovenska (NEZES) pod názvom "Nové horizonty ekonomiky Slovenska". Kritika cieľov, ktoré koncepcia vytyčuje pre ekonomiku Slovenska ako aj nástrojov, ktorými sa ciele majú dosiahnuť. Odmietnutie v koncepcii obsiahnutého fron...

Descrizione completa

Salvato in:
Dettagli Bibliografici
Autore principale: Šíp, E.
Natura: Capitolo di libro
Lingua:ceco
Soggetti:
Tags: Aggiungi Tag
Nessun Tag, puoi essere il primo ad aggiungerne!!

MARC

LEADER 00000naa a2200000 4500
001 r006514
005 20221125080025.7
041 0 |a cze 
044 |a [CS] 
245 1 0 |a Jak narýsovat nové obzory.  |b Nad první verzí programu Nezávislého svazu ekonomů Slovenska.  |c E. Šíp 
520 |a Stanovisko ku koncepčnému materiálu pripravenému Nezávislým zväzom ekonómov Slovenska (NEZES) pod názvom "Nové horizonty ekonomiky Slovenska". Kritika cieľov, ktoré koncepcia vytyčuje pre ekonomiku Slovenska ako aj nástrojov, ktorými sa ciele majú dosiahnuť. Odmietnutie v koncepcii obsiahnutého frontálneho útoku na všetky zložky prebiehajúcej reformy. 
610 2 0 |a vývoj hospodársky 
610 2 0 |a reformy hospodárske 
610 2 0 |a Slovensko 
610 2 0 |a nástroje ekonomické 
610 2 0 |a NEZES 
100 1 |a Šíp, E.